Comparación de los flujos de nitrógeno y fósforo inorgánicos disueltos en la Ciénaga Grande de Santa Marta, Caribe colombiano, obtenidos a partir con cámaras de incubación in situ e incubación de núcleos de sedimento en laboratorio (Registro nro. 15517)

Detalles MARC
000 -CABECERA
Campo de control 006310000a22001330004500
090 ## - CLASIFICACIÓN LOCAL
Colección AS
Consecutivo Seriadas
041 0# - IDIOMA
Código de idioma para texto/pista de sonido o título separado
100 1# - ASIENTO PRINCIPAL--NOMBRE PERSONAL
Nombre personal Navas S., Gabriel R.
245 10 - MENCION DE TITULO
Título Comparación de los flujos de nitrógeno y fósforo inorgánicos disueltos en la Ciénaga Grande de Santa Marta, Caribe colombiano, obtenidos a partir con cámaras de incubación in situ e incubación de núcleos de sedimento en laboratorio
700 1# - ASIENTO SECUNDARIO - NOMBRE PERSONAL
Nombre personal Zea, Sven
700 1# - ASIENTO SECUNDARIO - NOMBRE PERSONAL
Nombre personal Campos, Néstor Hernando
773 1# - Item fuente:
Título Revista de la Academia Colombiana de Ciencias Exactas, Físicas y Naturales
Descripción física 101
Paginas del Articulo 519-531
Lugar, editorial y fecha de publicación 2002
Información sobre la relación 26
942 ## - ELEMENTOS ADICIONALES (KOHA)
Tipo de ítem Artículo

No hay ítems disponibles.